| 000 | 01100nmc a2200373 a 4500 | ||
|---|---|---|---|
| 003 | AR-BaBNM | ||
| 005 | 20251128204546.0 | ||
| 008 | 011101s1991 ||||||||||||||000 | spa|| | ||
| 020 | _a950-701-012-2 | ||
| 040 | _cAR-BaBNM | ||
| 245 | 1 | 0 |
_aAlfabetización de niños _bconstrucción e intercambio : experiencias pedagógicas en jardín de infantes y escuela primaria |
| 250 | _a5ª ed. | ||
| 260 |
_aBuenos Aires _bAique _c1991 |
||
| 300 |
_a146 p. _bil. |
||
| 490 | 0 | _aDidáctica | |
| 500 | _aContiene referencias bibliográficas | ||
| 650 | 4 | _aALFABETIZACION | |
| 650 | 4 | _aAUTOEVALUACION | |
| 650 | 4 | _aMATERIAL DIDACTICO | |
| 650 | 4 | _aACTIVIDADES DE APRENDIZAJE | |
| 650 | 4 | _aENSENANZA DE LA ORTOGRAFIA | |
| 650 | 4 | _aEVALUACION DEL ALUMNO | |
| 653 | _aCONSTRUCTIVISMO | ||
| 653 | _aENSENANZA DE LA LENGUA | ||
| 653 | _aEXPERIENCIAS EDUCATIVAS | ||
| 653 | _aEDUCACION INICIAL | ||
| 653 | _aEDUCACION PRIMARIA | ||
| 700 | 1 | _aKaufman, Ana María | |
| 700 | 1 | _aCastedo, Mirta | |
| 700 | 1 | _aTeruggi, Lilia | |
| 700 | 1 | _aMolinari, Claudia | |
| 942 | _cBK | ||
| 998 | _cGrace | ||
| 999 |
_c7922 _d7922 |
||